Pedagogía de nuestro tiempo; hechos, problemas, orientaciones /

Guardado en:
Autor Principal: Nassif, Ricardo
Formato: Libro
Publicado: Buenos Aires : Kapelusz, 1965
Materias:
Etiquetas: Agregar Etiqueta
Sin Etiquetas, Sea el primero en etiquetar este registro!
LEADER 00955nam a22002055a 4500
001 CEM.cems004628
005 20060217000000.0
008 130507s1965##################000#0#####d
003 CEMS
082 0 4 |a 371 
100 1 |a Nassif, Ricardo 
245 1 0 |a Pedagogía de nuestro tiempo; hechos, problemas, orientaciones / 
260 |a Buenos Aires :  |b Kapelusz,  |c 1965 
300 |a 179 p. 
505 0 |a La pedagog¡a y la 'poca.- La cr¡sis de la educaci¢n y el esquema pedag¢gico de nuestro tiempo.- Educación y cambio social.- Educación y progreso científico y técnico.- Educación y vida económica.- Educación, democracia y libertad.- La nueva "educación" y nuestro tiempo.- La profesión pedagógica.- 
653 |a Educacion 
653 |a Pedagogia 
859 |a CEMS  |b BIB. CEMS - 11 de abril  |h 371  |i N187  |p 18069.95  |t Ej.2 
859 |a CEMS  |b BIB. CEMS - 11 de abril  |h 371  |i N187  |p 19988.98  |t Ej.3 
859 |a CEMS  |b BIB. CEMS - 11 de abril  |h 371  |i N187  |p 3610.75  |t Ej.1